[Event "Foment Martinenc op-C 20th"]
[Site "Barcelona"]
[Date "2018.04.28"]
[Round "2"]
[White "Garcia Pitarch, Raul"]
[Black "Ylla Soro, Rafael"]
[Result "0-1"]
[WhiteElo "1609"]
[BlackElo "1732"]
[PlyCount "78"]
[EventDate "2018.04.21"]
[EventType "swiss"]
[EventRounds "9"]
[EventCountry "ESP"]
[SourceTitle "CBM 184 Extra"]
[Source "ChessBase"]
[SourceDate "2018.06.28"]
[SourceVersion "1"]
[SourceVersionDate "2018.06.28"]
[SourceQuality "1"]

1. d4 f5 2. Bf4 Nf6 3. e3 e6 4. Nf3 Be7 5. Nbd2 0-0 6. h3 Nc6 7. c3 d6 8. Be2 Bd7 9. 0-0 Ne4 10. Bd3 d5 11. Ne5 Bd6 12. Ndf3 Nxe5 13. Nxe5 c5 14. Rc1 c4 15. Bb1 Be7 16. Qc2 b5 17. a3 a5 18. f3 Nf6 19. g4 b4 20. Qf2 bxa3 21. Qh4 Nxg4 22. Qg3 Nxe5 23. Bxe5 Bf6 24. Kh1 axb2 25. Rc2 Bxe5 26. dxe5 Rb8 27. Rg2 Rf7 28. Rfg1 Qf8 29. h4 Rb3 30. Ba2 Rxc3 31. Rxb2 Rxe3 32. Qf4 Rd3 33. h5 a4 34. Bb1 Rb3 35. Rbg2 a3 36. Ra2 Qb8 37. Rag2 Rxb1 38. Rxg7+ Rxg7 39. Rxb1 Qxb1+ 0-1

[Event "Maresme op 14th"]
[Site "Maresme"]
[Date "2017.09.30"]
[Round "1"]
[White "Garcia Pitarch, Raul"]
[Black "Llopis Jordan, Lluis"]
[Result "0-1"]
[WhiteElo "1375"]
[BlackElo "1741"]
[PlyCount "95"]
[EventDate "2017.09.30"]
[EventType "swiss"]
[EventRounds "9"]
[EventCountry "ESP"]
[SourceTitle "CBM 181 Extra"]
[Source "ChessBase"]
[SourceDate "2017.12.12"]
[SourceVersion "1"]
[SourceVersionDate "2017.12.12"]
[SourceQuality "1"]

1. d4 f5 2. Bf4 Nf6 3. e3 e6 4. Bd3 d5 5. Nf3 c5 6. c3 Nc6 7. Nbd2 Bd6 8. 0-0 Ne4 9. Ne5 Nxe5 10. dxe5 Be7 11. Nf3 0-0 12. Rc1 g5 13. Bg3 f4 14. exf4 gxf4 15. Bxe4 dxe4 16. Qxd8 Bxd8 17. Nd2 fxg3 18. Nxe4 gxh2+ 19. Kxh2 b6 20. Rc2 Bc7 21. f4 Bxe5 22. Rcf2 Bg7 23. Rd1 Bb7 24. Ng5 Bd5 25. b3 Bxc3 26. Rd3 Bf6 27. Rg3 Bxg5 28. Rxg5+ Kh8 29. g4 Rg8 30. Rxg8+ Kxg8 31. f5 exf5 32. gxf5 Rf8 33. Kg3 Kg7 34. Kf4 Be6 35. Rg2+ Kh8 36. Ke5 Bxf5 37. Rf2 h5 38. Kd6 Kg7 39. Ke7 Rf7+ 40. Kd6 Bg4 41. Rg2 Kf6 42. a4 Kg5 43. a5 Kg6 44. axb6 axb6 45. Rb2 h4 46. Kc6 Rf6+ 47. Kb5 h3 48. Rh2 0-1

[Event "Foment Martinenc op-C 17th"]
[Site "Barcelona"]
[Date "2015.05.16"]
[Round "4"]
[White "Garcia Pitarch, Raul"]
[Black "Moncunill Calvet, Pol"]
[Result "0-1"]
[WhiteElo "1685"]
[BlackElo "1820"]
[PlyCount "90"]
[EventDate "2015.04.25"]
[EventType "swiss"]
[EventRounds "9"]
[EventCountry "ESP"]
[SourceTitle "EXT 2017"]
[Source "ChessBase"]
[SourceDate "2016.10.25"]
[SourceVersion "1"]
[SourceVersionDate "2016.10.25"]
[SourceQuality "1"]

1. b3 e5 2. Bb2 Nc6 3. Nf3 e4 4. Nd4 Nxd4 5. Bxd4 d5 6. Bb2 Nf6 7. e3 Bd6 8. c4 c6 9. Be2 0-0 10. 0-0 Re8 11. Nc3 Be6 12. Rc1 Rc8 13. d3 exd3 14. Qxd3 dxc4 15. Qd1 cxb3 16. axb3 Bc7 17. Qc2 Qd6 18. g3 Qb4 19. Bf3 Qxb3 20. Qb1 Rcd8 21. Bg2 Rd2 22. Ba1 Qxb1 23. Rxb1 Bc4 24. Rfd1 Rxd1+ 25. Nxd1 Rd8 26. Nc3 Bb6 27. Bf1 Bxf1 28. Kxf1 Nd5 29. Na4 f6 30. Nxb6 Nxb6 31. Bd4 Rd5 32. Bxb6 axb6 33. Rxb6 Rb5 34. Rxb5 cxb5 35. Ke2 Kf7 36. Kd3 Ke6 37. Kd4 Kd6 38. Kc3 Kc5 39. h4 h5 40. f3 f5 41. e4 fxe4 42. fxe4 b4+ 43. Kb3 Kd4 44. e5 Kxe5 45. Kxb4 Kf5 0-1

[Event "Mataro op 11th"]
[Site "Mataro"]
[Date "2014.11.22"]
[Round "9"]
[White "Garcia Pitarch, Raul"]
[Black "Fernandez Arroyo, Alex"]
[Result "0-1"]
[WhiteElo "1724"]
[BlackElo "1780"]
[PlyCount "56"]
[EventDate "2014.09.27"]
[EventType "swiss"]
[EventRounds "9"]
[EventCountry "ESP"]
[SourceTitle "EXT 2016"]
[Source "ChessBase"]
[SourceDate "2015.10.08"]
[SourceVersion "1"]
[SourceVersionDate "2015.10.08"]
[SourceQuality "1"]

1. d4 f5 2. c4 e6 3. Nc3 c6 4. Nf3 d5 5. e3 Bd6 6. c5 Bc7 7. Be2 Nf6 8. 0-0 0-0 9. b4 Nbd7 10. Qc2 Ne4 11. Bb2 Ndf6 12. Nxe4 dxe4 13. Ne5 Nd5 14. a3 f4 15. Qxe4 Qg5 16. Nf3 Qh6 17. Ne5 fxe3 18. f3 Rf4 19. Qc2 Rh4 20. h3 Nf4 21. Ng4 Nxh3+ 22. gxh3 Qf4 23. Bd3 Rxh3 24. Rae1 Qg3+ 25. Qg2 Qh4 26. Nf6+ Kh8 27. Ne4 Rh2 28. Qg4 Rh1+ 0-1

[Event "Foment Martinenc op-C 16th"]
[Site "Barcelona"]
[Date "2014.06.07"]
[Round "7"]
[White "Villodres Rubio, Adrian"]
[Black "Garcia Pitarch, Raul"]
[Result "0-1"]
[WhiteElo "1776"]
[BlackElo "1700"]
[PlyCount "80"]
[EventDate "2014.04.26"]
[EventType "swiss"]
[EventRounds "9"]
[EventCountry "ESP"]
[SourceTitle "EXT 2015"]
[Source "ChessBase"]
[SourceDate "2014.11.20"]
[SourceVersion "1"]
[SourceVersionDate "2014.11.20"]
[SourceQuality "1"]

1. e4 c6 2. d4 d5 3. e5 Bf5 4. Nf3 e6 5. Bd3 Bxd3 6. Qxd3 Ne7 7. 0-0 Nf5 8. Nc3 Nd7 9. Bd2 c5 10. dxc5 Nxc5 11. Qb5+ Qd7 12. Qxd7+ Nxd7 13. g4 Ne7 14. Rfe1 Nc6 15. Nb5 0-0-0 16. Rac1 Nb6 17. Ng5 Rd7 18. b3 Be7 19. Nxf7 Rf8 20. Ng5 a6 21. Na3 Bxa3 22. Rcd1 h6 23. Nxe6 Re8 24. Nf4 Nxe5 25. Kg2 Rde7 26. h3 Bd6 27. Kg3 g5 28. Kg2 gxf4 29. Bxf4 Nf7 30. Rxe7 Rxe7 31. Be3 Kc7 32. Bxb6+ Kxb6 33. Rxd5 Re2 34. Rf5 Ng5 35. Rf6 Ne4 36. Rxh6 Rxf2+ 37. Kg1 Rxc2 38. a4 Ka5 39. Re6 Bc5+ 40. Kh1 Ng3# 0-1

[Event "Maresme op 9th"]
[Site "Maresme"]
[Date "2012.10.27"]
[Round "5"]
[White "Sanchez Saez, Salvador"]
[Black "Garcia Pitarch, Raul"]
[Result "1-0"]
[WhiteElo "1740"]
[BlackElo "1721"]
[PlyCount "53"]
[EventDate "2012.09.29"]
[EventType "swiss"]
[EventRounds "9"]
[EventCountry "ESP"]
[SourceTitle "EXT 2014"]
[Source "ChessBase"]
[SourceDate "2013.11.20"]
[SourceVersion "1"]
[SourceVersionDate "2013.11.20"]
[SourceQuality "1"]

1. e4 c6 2. Nf3 d5 3. exd5 cxd5 4. Bb5+ Nc6 5. Ne5 Bd7 6. Nxd7 Qxd7 7. Nc3 Nf6 8. Qf3 e6 9. d3 a6 10. Ba4 b5 11. Bb3 Bb4 12. a4 d4 13. axb5 Ne5 14. Qxa8+ Qd8 15. Rxa6 0-0 16. Qxd8 Rxd8 17. b6 dxc3 18. bxc3 Bxc3+ 19. Bd2 Bxd2+ 20. Kxd2 Nc6 21. b7 Nb4 22. Ra8 Ne4+ 23. Ke3 Nc5 24. Rha1 Nxb7 25. R8a7 Nc5 26. d4 Nd7 27. Rxd7 1-0

[Event "Llinars del Valles op-B 5th"]
[Site "Llinars del Valles"]
[Date "2011.05.07"]
[Round "2"]
[White "Garcia Pitarch, Raul"]
[Black "Jimenez Ruano, Adrian"]
[Result "0-1"]
[WhiteElo "1411"]
[BlackElo "1693"]
[PlyCount "58"]
[EventDate "2011.04.30"]
[EventType "swiss"]
[EventRounds "7"]
[EventCountry "ESP"]
[SourceTitle "EXT 2012"]
[Source "ChessBase"]
[SourceDate "2011.11.24"]
[SourceVersion "1"]
[SourceVersionDate "2011.11.24"]
[SourceQuality "1"]

1. d4 Nf6 2. c4 g6 3. Nc3 Bg7 4. e4 d6 5. Bg5 0-0 6. f3 Nbd7 7. Bd3 e5 8. d5 c6 9. h4 Qb6 10. Qd2 Nh5 11. Nge2 Nc5 12. g4 Qxb2 13. Rd1 Qxd2+ 14. Kxd2 Nf6 15. h5 h6 16. Be3 Nxd3 17. Kxd3 g5 18. Ng3 cxd5 19. cxd5 b6 20. Kc2 Bd7 21. Nf5 Bxf5 22. gxf5 Rfc8 23. Kb2 Rc4 24. Rc1 a5 25. Nb5 Rb4+ 26. Ka3 Rxb5 27. Rc6 Nd7 28. Rxd6 Bf8 29. Ka4 Rb4+ 0-1